000 00479nam a2200097Ia 4500
008 170517s9999 xx 000 0 und d
245 _aJimmy's GM Food Fight
300 _aJimmy Doherty, pig farmer, one-time scientist and poster-boy for sustainable food production is on a mission to find out if GM crops really can feed the world. We need to double the amount of food we produce in the...
650 _xTechnology.
856 _uhttp://topdocumentaryfilms.com/jimmys-gm-food-fight/
999 _c335052
_d335052